Statistics for 2021年南美洲百万人口城市

Click here to take the quiz!

General Stats

  • This quiz has been taken 98 times
  • The average score is 15 of 49

Answers on the Map

Answers color-coded by a green-red scale on the quiz's map according to % correct below.
 

Answer Stats

人口(万)城市% Correct
1,660.0布宜诺斯艾利斯
95%
2,260.0圣保罗
95%
1,330.0里约热内卢
92%
780.0圣地亚哥
87%
405.0巴西利亚
86%
1,110.0利马
85%
980.0波哥大
78%
277.5基多
64%
187.0蒙得维的亚
55%
377.5加拉加斯
55%
225.0马瑙斯
48%
237.5亚松森
47%
212.5拉巴斯
45%
385.0累西腓
41%
410.0麦德林
36%
415.0阿雷格里港
32%
138.0罗萨里奥
31%
362.5萨尔瓦多
29%
505.0贝洛奥里藏特
26%
267.5马拉开波
25%
225.0贝伦
22%
217.5圣克鲁斯
20%
320.0瓜亚基尔
20%
372.5福塔莱萨
19%
290.0卡利
19%
168.0科尔多瓦
19%
103.0瓦尔帕莱索
16%
111.0门多萨
14%
215.0巴兰基亚
13%
202.5巴伦西亚
13%
176.0桑托斯
12%
143.0纳塔尔
11%
245.0戈亚尼亚
11%
345.0库里蒂巴
11%
145.0圣路易斯
10%
128.0布卡拉曼加
10%
113.0阿雷基帕
9%
187.0维多利亚
8%
100.0库库塔
8%
143.0马拉凯
7%
131.0巴基西梅托
7%
115.0卡塔赫纳
7%
325.0坎皮纳斯
7%
136.0科恰班巴
5%
112.0马塞约
5%
104.0特雷西纳
5%
103.0圣米格尔-德-图库曼
5%
114.0若昂佩索阿
4%
101.0弗洛里亚诺波利斯
3%

Score Distribution

Percentile by Number Answered

Percent of People with Each Score

Your Score History

You have not taken this quiz